ბათუმის შოთა რუსთაველის სახელმწიფო უნივერსიტეტის ბიბლიოთეკა

Methoden des fremdsprachlichen Deutschunterrichts (ბიბ.ჩანაწერი № 51006)

000 -LEADER
fixed length control field 00676nam a2200253Ia 4500
001 - CONTROL NUMBER
control field 17963
003 - CONTROL NUMBER IDENTIFIER
control field GE_BSU
008 - FIXED-LENGTH DATA ELEMENTS--GENERAL INFORMATION
fixed length control field 181216s||||||||xx |||||||||||||| ||und||
010 ## - LIBRARY OF CONGRESS CONTROL NUMBER
LC control number 3468496761
040 ## - CATALOGING SOURCE
Transcribing agency GE_BSU
080 ## - UNIVERSAL DECIMAL CLASSIFICATION NUMBER
Universal Decimal Classification number 811.112(07)
100 ## - MAIN ENTRY--PERSONAL NAME
Personal name Neuner,Gerhard. Hunfeld,Hans
245 ## - TITLE STATEMENT
Title Methoden des fremdsprachlichen Deutschunterrichts
245 ## - TITLE STATEMENT
Remainder of title Eine Einfuhrung
260 ## - PUBLICATION, DISTRIBUTION, ETC.
Place of publication, distribution, etc. Berlin
260 ## - PUBLICATION, DISTRIBUTION, ETC.
Name of publisher, distributor, etc. Langenscheidt
260 ## - PUBLICATION, DISTRIBUTION, ETC.
Date of publication, distribution, etc. 1993
300 ## - PHYSICAL DESCRIPTION
Extent 184p. 30cm.
653 ## - INDEX TERM--UNCONTROLLED
Uncontrolled term Methoden des fremdsprachlichen Deutschunterrichts
653 ## - INDEX TERM--UNCONTROLLED
Uncontrolled term გერმანული ენა
653 ## - INDEX TERM--UNCONTROLLED
Uncontrolled term ქსეროქსი
942 ## - ADDED ENTRY ELEMENTS (KOHA)
Koha item type წიგნი
ეგზემპლარები
Withdrawn status Lost status Damaged status Not for loan Date acquired Barcode Date last seen Price effective from Koha item type
        2018-12-17 21-ქსეროქსი 2018-12-17 2018-12-17 წიგნი